Statistiken für Länder, die Polen am Nächsten Liegen

Klicken Sie hier um das Quiz zu spielen!

Allgemein

  • Dieses Quiz wurde 277 mal gespielt
  • Das Durchschnittsergebnis liegt bei 18 aus 20

Antwortstatistiken

kmLand% Korrekt
0Deutschland
100%
0Russland
98%
190Lettland
97%
0Litauen
97%
0Tschechien
97%
0Weißrussland
96%
0Slowakei
95%
0Ukraine
95%
396Estland
94%
143Österreich
94%
76Ungarn
91%
94Dänemark
87%
101Rumänien
86%
345Slowenien
86%
154Schweden
85%
370Kroatien
82%
334Serbien
79%
287Moldawien
75%
464Niederlande
60%
454Italien
59%

Verteilung der Resultate

Perzentil nach korrekt beantworteten Fragen

Anzahl Personen mit jedem Resultat

Ihre Resultats-Entwicklung

Sie haben dieses Quiz noch nicht gespielt